Analýza vybraných zdaniteľných obchodov, pri ktorých je osobou povinnou platiť daň príjemca tovarov alebo služieb diplomová práca

Na minha lista:
Detalhes bibliográficos
Autor principal: Pangrácová, Lenka
Autor Corporativo: Fakulta hospodárskej informatiky EU. Katedra účtovníctva a audítorstva
Outros Autores: Mateášová, Martina, 1979-
Formato: Livro
Idioma:eslovaco
Publicado em: Bratislava 2023
Tags: Adicionar Tag
Sem tags, seja o primeiro a adicionar uma tag!

MARC

LEADER 00000nbm a2200000 4500
001 0294136
005 20240209094826.2
041 0 |a slo 
044 |a SK 
245 1 0 |a Analýza vybraných zdaniteľných obchodov, pri ktorých je osobou povinnou platiť daň príjemca tovarov alebo služieb  |b diplomová práca  |c Lenka Pangrácová ; školiteľ: Martina Mateášová 
264 1 |a Bratislava  |c 2023 
300 |a 62 s. 
100 1 |a Pangrácová, Lenka 
700 1 |a Mateášová, Martina, 1979- 
710 2 |a Fakulta hospodárskej informatiky EU. Katedra účtovníctva a audítorstva